<?xml version="1.0" encoding="UTF-8"?><?xml-stylesheet type="text/xsl" href="static/style.xsl"?><OAI-PMH xmlns="http://www.openarchives.org/OAI/2.0/" xmlns:xsi="http://www.w3.org/2001/XMLSchema-instance" xsi:schemaLocation="http://www.openarchives.org/OAI/2.0/ http://www.openarchives.org/OAI/2.0/OAI-PMH.xsd"><responseDate>2026-04-17T02:22:01Z</responseDate><request verb="GetRecord" identifier="oai:www.recercat.cat:10459.1/68803" metadataPrefix="marc">https://recercat.cat/oai/request</request><GetRecord><record><header><identifier>oai:recercat.cat:10459.1/68803</identifier><datestamp>2024-12-05T21:56:38Z</datestamp><setSpec>com_2072_3622</setSpec><setSpec>col_2072_479130</setSpec></header><metadata><record xmlns="http://www.loc.gov/MARC21/slim" xmlns:dcterms="http://purl.org/dc/terms/" xmlns:xsi="http://www.w3.org/2001/XMLSchema-instance" xmlns:doc="http://www.lyncode.com/xoai" xsi:schemaLocation="http://www.loc.gov/MARC21/slim http://www.loc.gov/standards/marcxml/schema/MARC21slim.xsd">
   <leader>00925njm 22002777a 4500</leader>
   <datafield ind2=" " ind1=" " tag="042">
      <subfield code="a">dc</subfield>
   </datafield>
   <datafield ind2=" " ind1=" " tag="720">
      <subfield code="a">Bellet, Carme</subfield>
      <subfield code="e">author</subfield>
   </datafield>
   <datafield ind2=" " ind1=" " tag="260">
      <subfield code="c">2020-05-19T08:12:00Z</subfield>
   </datafield>
   <datafield ind2=" " ind1=" " tag="260">
      <subfield code="c">2020-05-19T08:12:00Z</subfield>
   </datafield>
   <datafield ind2=" " ind1=" " tag="260">
      <subfield code="c">2020-04-07</subfield>
   </datafield>
   <datafield ind2=" " ind1=" " tag="260">
      <subfield code="c">2020-05-19T08:12:01Z</subfield>
   </datafield>
   <datafield ind2=" " ind1=" " tag="520">
      <subfield code="a">En los últimos 40 años, las ciudades españolas han cambiado mucho dentro de un marco más general de profunda transformación política, social y económica del país. A través fundamentalmente del análisis bibliográfico y documental el trabajo trata, en primer lugar, de contextualizar y caracterizar la evolución de las políticas urbanísticas desplegadas desde los primeros ayuntamientos democráticos hasta la actualidad e identificar el modelo de ciudad en el que éstas se han ido basando a la vez que construyendo (física y simbólicamente). Para ello, se establecen tres períodos de análisis temporal: 1979-1991; 1992-2007 y 2008-2019, cuya delimitación se realiza teniendo en cuenta, también, la evolución de la dinámica inmobiliaria y las fechas de celebración de las elecciones municipales. Finalmente, se caracteriza el urbanismo del último de los períodos tras la crisis financiera e inmobiliaria (2008-2019), durante el cual, y especialmente tras las elecciones municipales en 2015, irrumpieron en algunos gobiernos locales, partidos y coaliciones que surgieron de los movimientos del 15 M de 2011.</subfield>
   </datafield>
   <datafield ind2=" " ind1=" " tag="520">
      <subfield code="a">Over the past 40 years, Spanish cities have changed considerably. This has occurred within a wider framework of deep-seated political, social and economic transformation. This work is mainly based on bibliographical analysis and a review of relevant territorial planning documentation. Firstly, it aims to contextualise and characterise the evolution of the urban policies that have been applied from the arrival of the first democratically-elected city councils through to the present day and to identify the city model in which these changes have been thought up and (physically and symbolically) constructed. To do this, we established three periods for our analysis: 1979–1991, 1992–2007, and 2008–2019. This division was made while also taking into account the evolution and dynamics of the property market and the dates on which municipal elections were held. Secondly, it tries to characterise the nature of urbanism during the last of these periods, after the financial and property crisis (2008–2019). During this period, and particularly after the 2015 municipal, the parties and coalitions that emerged from the 15th May 2011 movements, managed to enter some local government bodies.</subfield>
   </datafield>
   <datafield ind1="8" ind2=" " tag="024">
      <subfield code="a">http://hdl.handle.net/10459.1/68803</subfield>
   </datafield>
   <datafield tag="653" ind2=" " ind1=" ">
      <subfield code="a">Urbanismo</subfield>
   </datafield>
   <datafield tag="653" ind2=" " ind1=" ">
      <subfield code="a">Planificación urbana</subfield>
   </datafield>
   <datafield tag="653" ind2=" " ind1=" ">
      <subfield code="a">Ciudades españolas</subfield>
   </datafield>
   <datafield tag="653" ind2=" " ind1=" ">
      <subfield code="a">Urbanismo neoliberal</subfield>
   </datafield>
   <datafield tag="653" ind2=" " ind1=" ">
      <subfield code="a">Políticas urbanas</subfield>
   </datafield>
   <datafield tag="653" ind2=" " ind1=" ">
      <subfield code="a">Urbanism</subfield>
   </datafield>
   <datafield tag="653" ind2=" " ind1=" ">
      <subfield code="a">Urban planning</subfield>
   </datafield>
   <datafield tag="653" ind2=" " ind1=" ">
      <subfield code="a">Spanish cities</subfield>
   </datafield>
   <datafield tag="653" ind2=" " ind1=" ">
      <subfield code="a">Neoliberal urbanism</subfield>
   </datafield>
   <datafield tag="653" ind2=" " ind1=" ">
      <subfield code="a">Urban policies</subfield>
   </datafield>
   <datafield ind2="0" ind1="0" tag="245">
      <subfield code="a">Las políticas urbanísticas municipales en España: 40 años de ayuntamientos democráticos (1979-2019)</subfield>
   </datafield>
   <datafield ind2="0" ind1="0" tag="245">
      <subfield code="a">Municipal planning policies in Spain: 40 years of democratic city councils (1979–2019)</subfield>
   </datafield>
</record></metadata></record></GetRecord></OAI-PMH>